000 00412nam a2200145Ia 4500
008 220217s9999||||xx |||||||||||||| ||und||
020 _a81-7808-577-1
082 _a621.395 WAK
100 _aWakerly, john F.
_92396
245 0 _aDigital design : principles and practice
250 _a4th
260 _aPearson education asia
_bNew Delhi
_c2007
300 _b380
650 _aDIGITAL DESIGN/LOGIC DESIGN
999 _c174932
_d174932